Перспективы применения сверхвысокомолекулярного полиэтилена в кабельной технике; Перспективы развития фундаментальных наук

Λεπτομέρειες βιβλιογραφικής εγγραφής
Parent link:Перспективы развития фундаментальных наук.— 2008.— С. 118-120
Κύριος συγγραφέας: Анисимова О. А.
Άλλοι συγγραφείς: Анненков Ю. М. (научный руководитель), Ким В. С. Владимир Сергеевич
Γλώσσα:Ρωσικά
Έκδοση: 2008
Θέματα:
Μορφή: MixedMaterials Κεφάλαιο βιβλίου
KOHA link:https://koha.lib.tpu.ru/cgi-bin/koha/opac-detail.pl?biblionumber=154073

MARC

LEADER 00000naa2a2200000 4500
001 154073
005 20231031151640.0
035 |a (RuTPU)RU\TPU\book\167126 
090 |a 154073 
100 |a 20090220d2008 k y0rusy50 ca 
101 0 |a rus 
102 |a RU 
200 1 |a Перспективы применения сверхвысокомолекулярного полиэтилена в кабельной технике  |f О. А. Анисимова  |g науч. рук. Ю. М. Анненков ; науч. рук. В. С. Ким 
320 |a Библиогр.: 10 назв. 
463 0 |0 (RuTPU)RU\TPU\book\161548  |t Перспективы развития фундаментальных наук  |o труды V Международной конференции студентов и молодых ученых, 20-23 мая 2008 г., Томск  |f Томский политехнический университет (ТПУ)  |v С. 118-120  |d 2008  |p 334 с. 
610 1 |a полиэтилен 
610 1 |a сверхвысокомолекулярный полиэтилен 
610 1 |a кабельная техника 
610 1 |a пластмассы 
610 1 |a молекулярная масса 
610 1 |a электротехничекая промышленность 
610 1 |a полимеризация 
610 1 |a электрические характеристики 
610 1 |a труды учёных ТПУ 
700 1 |a Анисимова  |b О. А. 
702 1 |a Анненков  |b Ю. М.  |4 727 
702 1 |a Ким  |b В. С.  |c специалист в области электротехники  |c доцент Томского политехнического университета, кандидат физико-математических наук  |f 1962-  |g Владимир Сергеевич  |2 stltpush  |3 (RuTPU)RU\TPU\pers\25673  |4 727 
801 1 |a RU  |b 63413507  |c 20090220  |g PSBO 
801 2 |a RU  |b 63413507  |c 20121220  |g RCR 
942 |c BK